00880nam a2200241Ia 4500003000900000008004100009020002200050040001600072080001500088100002700103245015600130250001200286260004000298300001600338650002800354650001600382650002400398650002000422700003000442942000700472999001700479952014200496IN-BaIIA211028s9999 xx 000 0 eng d a978-81-7758-279-6 cIIA Library a539.1bBRA aBransden, B. H.913922 0aPhysics of atoms and moleculesba sourcebook for teachers of physicscB. H. Bransden and C. J. Joachain  a2nd ed. aNew DelhibDorling Kindersleyc2007 axiv, 1114p. aAtomic collisions91546 aAtoms91137 aMolecular structure aMolecules94897 aJoachain, C. J. 913923 cBK c16557d16557 00104070aBANbBANcGENd2007-08-06eABI g625.00l3o539.1/ BRAp17479r2025-11-24s2025-11-24v625.00w2007-08-06yBKGRs. 625.00